Basic Accounting Procedures (Record no. 1340)

MARC details
005 - DATE AND TIME OF LATEST TRANSACTION
control field 20250411171455.0
082 ## - DEWEY DECIMAL CLASSIFICATION NUMBER
Classification number 657 NIV
100 ## - MAIN ENTRY--PERSONAL NAME
Author name NIVEN, W.
245 ## - TITLE STATEMENT
Title Basic Accounting Procedures
260 ## - PUBLICATION, DISTRIBUTION, ETC.
Place of publication, distribution, etc. Englewood Cliffs,
Name of publisher, distributor, etc. Prentice-Hall,
Date of publication, distribution, etc. 1964.
300 ## - PHYSICAL DESCRIPTION
Extent xi, 369p.: ill.; table.
Other physical details Index.
Dimensions 24cm.
700 ## - ADDED ENTRY--PERSONAL NAME
Other authors/Editors OHMAN, A.
942 ## - ADDED ENTRY ELEMENTS (KOHA)
Source of classification or shelving scheme Dewey Decimal Classification
Koha item type Books
Holdings
Date last seen Total checkouts Full call number Barcode Cost, replacement price Price effective from Koha item type Lost status Source of classification or shelving scheme Damaged status Not for loan Withdrawn status Home library Current library Shelving location Date acquired Cost, normal purchase price
04/11/2025   657 NIV 0000005094 30000.00 04/11/2025 Books   Dewey Decimal Classification       College of Business Education Main Library College of Business Education Main Library General Collection 04/11/2025 10000.00